Người trung gian : Chiếc chìa khóa thứ chín

Gorde:
Xehetasun bibliografikoak
Egile nagusia: Cabot, Meg
Formatua: Liburua
Hizkuntza:Undetermined
Argitaratua: Hà Nội Văn hóa Thông tin 2006
Gaiak:
Etiketak: Etiketa erantsi
Etiketarik gabe, Izan zaitez lehena erregistro honi etiketa jartzen!
Thư viện lưu trữ: Trung tâm Học liệu Trường Đại học Cần Thơ
LEADER 00670nam a2200217Ia 4500
001 CTU_110478
008 210402s9999 xx 000 0 und d
020 |c 33000 
082 |a 813.54 
082 |b C116 
100 |a Cabot, Meg 
245 0 |a Người trung gian : 
245 0 |b Chiếc chìa khóa thứ chín 
245 0 |c Meg Cabot ; Đặng Thị Huệ (dịch) 
260 |a Hà Nội 
260 |b Văn hóa Thông tin 
260 |c 2006 
650 |a Ghost stories. gsafd,Young adult fiction. lcsh,American fiction 
650 |y 20th century,21st century 
904 |i M.Loan 
980 |a Trung tâm Học liệu Trường Đại học Cần Thơ